Les plus grandes villes des pays participant à la Coupe du Monde de la FIFA 2018! - Statistiques

Statistiques générales
  • Ce quiz a été pris 259 fois
    242 depuis la dernière actualisation
  • Le résultat moyen est 65 sur 160
Statistiques - réponses
Pays Ranking Villes % Correct
Allemagne 1er Berlin
98%
Angleterre 1er Londres
97%
3e Munich
95%
Argentine 1er Buenos Aires
92%
3e Lyon
92%
2e Marseille
92%
France 1er Paris
92%
3e Manchester
91%
5e Bruxelles
90%
Espagne 1er Madrid
90%
2e Rio de Janeiro
90%
Japon 1er Tokyo
90%
2e Barcelone
89%
Russie 1er Moscou
89%
Portugal 1er Lisbonne
88%
4e Liverpool
88%
Australie 1er Sydney
88%
Mexique 1er Mexico
87%
2e Porto
87%
Croatie 1er Zagreb
87%
Danemark 1er Copenhague
85%
Égypte 1er Le Caire
85%
Corée du Sud 1er Séoul
85%
4e Séville
84%
4e Toulouse
84%
Tunisie 1er Tunis
83%
5e Berne
82%
5e Nice
82%
Brésil 1er São Paulo
82%
Pologne 1er Varsovie
82%
4e Brasília
81%
Suède 1er Stockholm
81%
3e Valence
81%
Sénégal 1er Dakar
80%
Pérou 1er Lima
80%
Panama 1er Panama
80%
2e Saint-Pétersbourg
80%
Colombie 1er Bogotá
79%
2e Hambourg
79%
Maroc 1er Casablanca
78%
Uruguay 1er San Felipe y Santiago de Montevideo
78%
2e Melbourne
77%
Arabie Saoudite 1er Riyad
77%
Serbie 1er Belgrade
76%
Iran 1er Téhéran
76%
Suisse 1er Zurich
75%
2e Genève
74%
2e Alexandrie
72%
Nigeria 1er Lagos
71%
4e Liège
71%
2e Birmingham
70%
Belgique 1er Anvers
69%
4e Cologne
68%
5e Marrakech
67%
Islande 1er Reykjavik
67%
5e Francfort-sur-le-Main
66%
3e Ōsaka
63%
5e Bilbao
62%
3e Malmö
62%
2e Cracovie
61%
Costa Rica 1er San José
59%
3e La Mecque
56%
4e Perth
56%
2e Split
56%
2e Medellín
55%
4e Lausanne
51%
3e Bâle
50%
5e Braga
50%
3e Charleroi
49%
2e Gand
49%
3e Brisbane
48%
2e Fès
48%
2e Göteborg
46%
5e Leeds
46%
3e Guadalajara
41%
5e Adelaide
39%
4e Tanger
38%
4e Nagoya
37%
3e Cali
33%
2e Busan
32%
3e Rosario
32%
4e Médine
31%
2e Djeddah
30%
2e Yokohama
28%
3e Łódź
27%
3e Salvador
27%
5e Poznań
26%
5e Fortaleza
25%
4e Wrocław
25%
4e Aalborg
24%
4e Iekaterinbourg
24%
5e Sapporo
21%
2e Córdoba
20%
2e Kano
20%
5e Nijni Novgorod
20%
3e Odense
19%
5e Port-Saïd
16%
4e Barranquilla
15%
4e Daegu
15%
3e Gizeh
15%
3e Ispahan
15%
4e Puebla
14%
3e Rijeka
14%
3e Novossibirsk
13%
4e Uppsala
13%
2e Århus
12%
3e Ibadan
12%
2e Novi Sad
12%
2e Sfax
12%
3e Incheon
11%
2e Mechhed
10%
4e Mendoza
10%
3e Salé
9%
3e Sousse
9%
2e Arequipa
8%
3e Niš
8%
5e Esbjerg
7%
4e Akureyri
6%
5e Juárez
6%
4e Osijek
6%
5e Port Harcourt
6%
4e Amadora
5%
5e Västerås
5%
5e Dammam
4%
3e San Francisco
4%
3e Vila Nova de Gaia
4%
2e Ecatepec
3%
5e Kairouan
3%
5e Liberia
3%
3e Salto
3%
5e San Miguel de Tucumán
3%
5e Thiès
3%
5e Daejeon
2%
4e Kragujevac
2%
4e Paysandú
2%
2e Puerto Limón
2%
4e San José de David
2%
5e Subotica
2%
4e Tabriz
2%
4e Alajuela
1%
4e Chiclayo
1%
2e Ciudad de la Costa
1%
5e Cúcuta
1%
5e Gardabaer
1%
3e Hafnarfjordur
1%
4e Kaduna
1%
5e Karaj
1%
2e Kopavogur
1%
5e Las Piedras
1%
2e Pikine
1%
5e Piura
1%
2e San Miguelito
1%
3e Touba
1%
3e Trujillo
1%
4e Ettadhamen-Mnihla
0%
4e Guédiawaye
0%
5e Karlovac
0%
5e Las Cumbres
0%
4e Shubra El-Kheima
0%
3e Tocumen
0%
Aucun quiz correspondant
Distribution des résultats
% des personnes avec chaque résultat
Percentile par nombre de réponses
Votre historique - résultats
Vous n’avez pas pris ce quiz depuis la dernière actualisation